| 000 | 00520nam a2200169 i 4500 | ||
|---|---|---|---|
| 001 | bg | ||
| 100 | 1 | _aFIJAŁKOWSKI, Janusz | |
| 245 | 0 |
_aTechnologia transportu wewnętrznego : _bwybrane zagadnienia / _cJanusz Fijałkowski. |
|
| 260 |
_aWarszawa : _bWydawnictwa Politechniki Warszawskiej, _c1987. |
||
| 300 |
_a316 s., [2] k. tabl. : _brys., wykr. ; _c24 cm. |
||
| 504 | _aBibliogr. s. 314-316. | ||
| 040 | _cBPK | ||
| 041 | _apol | ||
| 080 | _a658.2(075.8) | ||
| 942 | _cKS | ||
| 008 | s pl f |000 0 pol | ||
| 999 |
_c3564 _d3564 |
||
| 856 |
_uhttp://koha.tu.koszalin.pl/cgi-bin/koha/opac-detail.pl?biblionumber=3564 _yKatalog online BPK |
||